Gender in the making of the Nigerian University System / (Record no. 6587)
[ view plain ]
| 000 -LEADER | |
|---|---|
| fixed length control field | 01574cam a2200397 a 4500 |
| 001 - CONTROL NUMBER | |
| control field | 15031370 |
| 003 - CONTROL NUMBER IDENTIFIER | |
| control field | OSt |
| 005 - DATE AND TIME OF LATEST TRANSACTION | |
| control field | 20200205111802.0 |
| 008 - FIXED-LENGTH DATA ELEMENTS--GENERAL INFORMATION | |
| fixed length control field | 071002s2007 enkab b 000 0 eng d |
| 010 ## - LIBRARY OF CONGRESS CONTROL NUMBER | |
| LC control number | 2007702104 |
| 015 ## - NATIONAL BIBLIOGRAPHY NUMBER | |
| National bibliography number | GBA686104 |
| Source | bnb |
| 016 7# - NATIONAL BIBLIOGRAPHIC AGENCY CONTROL NUMBER | |
| Record control number | 013573151 |
| Source | Uk |
| 020 ## - INTERNATIONAL STANDARD BOOK NUMBER | |
| International Standard Book Number | 9780852551721 (pbk.) |
| 020 ## - INTERNATIONAL STANDARD BOOK NUMBER | |
| International Standard Book Number | 085255172X (pbk.) |
| 035 ## - SYSTEM CONTROL NUMBER | |
| System control number | (OCoLC)ocm72868596 |
| 040 ## - CATALOGING SOURCE | |
| Original cataloging agency | UKM |
| Transcribing agency | UKM |
| Modifying agency | YDXCP |
| -- | MEU |
| -- | DLC |
| 042 ## - AUTHENTICATION CODE | |
| Authentication code | ukscp |
| -- | lccopycat |
| 043 ## - GEOGRAPHIC AREA CODE | |
| Geographic area code | f-nr--- |
| 082 04 - DEWEY DECIMAL CLASSIFICATION NUMBER | |
| Classification number | 371.822 |
| Item number | PER 2007 |
| 100 1# - MAIN ENTRY--PERSONAL NAME | |
| Personal name | Pereira, Charmaine. |
| 9 (RLIN) | 13552 |
| 245 10 - TITLE STATEMENT | |
| Title | Gender in the making of the Nigerian University System / |
| Statement of responsibility, etc. | Charmaine Pereira. |
| 260 ## - PUBLICATION, DISTRIBUTION, ETC. (IMPRINT) | |
| Place of publication, distribution, etc. | Oxford : |
| Name of publisher, distributor, etc. | James Currey ; |
| Place of publication, distribution, etc. | Ibadan : |
| Name of publisher, distributor, etc. | Heinemann Educational Books (Nigeria), |
| Date of publication, distribution, etc. | 2007. |
| 300 ## - PHYSICAL DESCRIPTION | |
| Extent | xvi, 203 p. : |
| Other physical details | ill., map ; |
| Dimensions | 24 cm. |
| 440 #0 - SERIES STATEMENT/ADDED ENTRY--TITLE | |
| Title | Higher education in Africa |
| 9 (RLIN) | 13237 |
| 500 ## - GENERAL NOTE | |
| General note | Published in association with Partnership for Higher Education in Africa. |
| 504 ## - BIBLIOGRAPHY, ETC. NOTE | |
| Bibliography, etc | Includes bibliographical references (p. 195-203). |
| 650 #0 - SUBJECT ADDED ENTRY--TOPICAL TERM | |
| Topical term or geographic name as entry element | Women |
| General subdivision | Education (Higher) |
| Geographic subdivision | Nigeria. |
| 9 (RLIN) | 13553 |
| 650 #0 - SUBJECT ADDED ENTRY--TOPICAL TERM | |
| Topical term or geographic name as entry element | Women in education |
| Geographic subdivision | Nigeria. |
| 9 (RLIN) | 13554 |
| 650 #0 - SUBJECT ADDED ENTRY--TOPICAL TERM | |
| Topical term or geographic name as entry element | Sex discrimination in higher education |
| Geographic subdivision | Nigeria. |
| 9 (RLIN) | 13555 |
| 650 #0 - SUBJECT ADDED ENTRY--TOPICAL TERM | |
| Topical term or geographic name as entry element | Education, Higher |
| Geographic subdivision | Nigeria |
| General subdivision | Sex differences. |
| 9 (RLIN) | 13556 |
| 650 #0 - SUBJECT ADDED ENTRY--TOPICAL TERM | |
| Topical term or geographic name as entry element | Universities and colleges |
| Geographic subdivision | Nigeria |
| General subdivision | Administration. |
| 9 (RLIN) | 13557 |
| 710 2# - ADDED ENTRY--CORPORATE NAME | |
| Corporate name or jurisdiction name as entry element | Partnership for Higher Education in Africa. |
| 9 (RLIN) | 13243 |
| 906 ## - LOCAL DATA ELEMENT F, LDF (RLIN) | |
| a | 7 |
| b | cbc |
| c | copycat |
| d | 2 |
| e | ncip |
| f | 20 |
| g | y-gencatlg |
| 942 ## - ADDED ENTRY ELEMENTS (KOHA) | |
| Source of classification or shelving scheme | Dewey Decimal Classification |
| Koha item type | Open Shelf |
| Withdrawn status | Lost status | Source of classification or shelving scheme | Damaged status | Not for loan | Home library | Current library | Date acquired | Source of acquisition | Inventory number | Total Checkouts | Full call number | Barcode | Date last seen | Price effective from | Koha item type |
|---|---|---|---|---|---|---|---|---|---|---|---|---|---|---|---|
| Dewey Decimal Classification | MUST Main Library | MUST Main Library | 05/02/2020 | Donation | 2007/28915 | 371.822 PER 2007 | 2020-0349 | 05/02/2020 | 05/02/2020 | Open Shelf |
